000 00825nam a2200253 i 4500
001 5684
003 ES-MaACL
005 20250815062532.0
007 t|
008 890420s1986 sp ||||1| spa d
020 _a84-205-1487-X
080 _a91(02)
245 0 0 _aTeoría y práctica de la geografía /
_c[coordinación] Aurora García Ballesteros ; Josefina Gómez Mendoza... [et al.].
250 _a1a ed.
260 _aMadrid :
_bAlhambra,
_c1986.
300 _aXII, 372 p. ;
_c24 cm.
490 1 _aAlhambra universidad. Humanidades
650 1 7 _aGeografía
_2embne
_913070
700 1 _aGarcía Ballesteros, Aurora.
_954215
700 1 _aGómez Mendoza, Josefina.
_958042
830 0 _aAlhambra universidad. Humanidades
_9227719
852 _aES-MaACL
_jL-12602
_bR.115638
_z. - rust.
999 _c5684
_d5684